书目信息 |
| 题名: |
雅思考试(IELTS)应试指导
|
|
| 作者: | 胡敏 主编 ;熊莹 编著 | |
| 分册: | ||
| 出版信息: | 北京 世界图书出版公司 2001.10 |
|
| 页数: | 266页 | |
| 开本: | 26cm | |
| 丛书名: | 新东方丛书 | |
| 单 册: | ||
| 中图分类: | H310.41 | |
| 科图分类: | ||
| 主题词: | 英语--ying yu--高等教育--入学考试 , 自学参考资料--zi xue can kao zi liao--国外 | |
| 电子资源: | ||
| ISBN: | 7-5062-5174-4 | |
| 000 | 01093nam 2200289 450 | |
| 001 | 012008968431 | |
| 005 | 20080316142611.75 | |
| 010 | @a7-5062-5174-4@dCNY36.00 | |
| 100 | @a20080315d2001 km y0chiy0120 ea | |
| 101 | 0 | @achi@aeng |
| 102 | @aCN@b110000 | |
| 105 | @aa z 000yy | |
| 106 | @ar | |
| 200 | 1 | @a雅思考试(IELTS)应试指导@Aya si kao shi(IELTS)ying shi zhi dao@f胡敏主编@Fhu min zhu bian@g熊莹编著@Gxiong ying bian zhu |
| 210 | @a北京@c世界图书出版公司@d2001.10 | |
| 215 | @a266页@c图@d26cm | |
| 225 | 2 | @a新东方丛书@Axin dong fang cong shu@i新东方学校雅思考试培训系列教材 |
| 330 | @a本书包括雅思考试简介、雅思听力试题类型及应试策略、雅思阅读试题类型及应试策略、雅思写作试题类型及应试策略等六部分内容。 | |
| 410 | 0 | @12001 @a新东方丛书@i新东方学校雅思考试培训系列教材 |
| 606 | 0 | @a英语@Aying yu@x高等教育@x入学考试 |
| 606 | 0 | @a自学参考资料@Azi xue can kao zi liao@y国外 |
| 610 | 0 | @aIELTS@x雅思 |
| 690 | @aH310.41@v4 | |
| 701 | 0 | @a胡敏@Ahu min@4主编 |
| 702 | 0 | @a熊莹@Axiong ying@4编著 |
| 801 | 0 | @aCN@bQSSK@c20080316 |
| 905 | @b20284309-11@dH310.41@eH495@f3 | |
| 雅思考试(IELTS)应试指导/胡敏主编/熊莹编著.-北京:世界图书出版公司,2001.10 |
| 266页:图;26cm.-(新东方丛书.新东方学校雅思考试培训系列教材) |
| ISBN 7-5062-5174-4:CNY36.00 |
| 本书包括雅思考试简介、雅思听力试题类型及应试策略、雅思阅读试题类型及应试策略、雅思写作试题类型及应试策略等六部分内容。 |
| ● |
| 相关链接 |
|
|
|
正题名:雅思考试(IELTS)应试指导
索取号:H310.41/H495
 
预约/预借
| 序号 | 登录号 | 条形码 | 馆藏地/架位号 | 状态 | 备注 |
| 1 | 284309 | 202843094 | 语言库209/209语言库 95排2列6层/ [索取号:H310.41/H495] | 在馆 | |
| 2 | 284310 | 202843101 | 语言库209/209语言库 95排2列6层/ [索取号:H310.41/H495] | 在馆 | |
| 3 | 284311 | 202843110 | 语言库209/209语言库 95排2列6层/ [索取号:H310.41/H495] | 在馆 |